| Поле | Инд. | ПП | Название | Значение |
|---|---|---|---|---|
| Тип записи | a | |||
| Библиографический уровень | m | |||
| 001 | Контрольный номер | RU/IS/BASE/264535621 | ||
| 005 | Дата корректировки | 20250522174757.5 | ||
| 008 | Кодируемые данные | 19970303 | ||
| 020 | 00 | a | ISBN | 5-239-00470-6 |
| 040 | 00 | e | Правила каталог. | Л 970303 |
| 084 | a | Индекс другой классификации/Индекс ББК | 63.3(2)522-414 | |
| 090 | 00 | a | Полочн. индекс | 63.3(2)522-414 |
| x | Авторский знак | К 835 | ||
| 097 | 00 | a | 230 | |
| 100 | 10 | a | Автор | Кропоткин П. А. |
| q | Полное имя | Кропоткин Петр Алексеевич | ||
| 245 | 00 | a | Заглавие | Записки революционера |
| c | Ответственность | предисловие и примечания В. А. Твардовской | ||
| 260 | 00 | a | Место издания | Москва |
| b | Издательство | Московский рабочий | ||
| c | Дата издания | 1988 | ||
| 300 | 00 | a | Объем | 544 с. |
| 336 | a | Термин вида содержания | Текст | |
| 337 | a | Термин типа средства | непосредственный | |
| 504 | 00 | a | Библиография | Примеч.: с. 475. - Указ. имен: с. 598 |
| 600 | 14 | a | Персоналии | Александр II (рос. император) |
| a | Персоналии | Кропоткин Петр Алексеевич | ||
| 650 | 04 | a | Основная рубрика | история |
| 653 | 00 | a | Ключевые слова | XIX век |
| a | Ключевые слова | биографии | ||
| a | Ключевые слова | классовая борьба | ||
| a | Ключевые слова | новое время | ||
| a | Ключевые слова | общественно-политические движения | ||
| a | Ключевые слова | политическая деятельность | ||
| a | Ключевые слова | революционное движение | ||
| a | Ключевые слова | Россия | ||
| a | Ключевые слова | чайковцы | ||
| 655 | a | Жанр/ форма (устаревшее) | мемуары (воспоминания) | |
| 700 | 10 | a | Автор | Твардовская В. А. |
| e | Роль лиц | автор примечаний; автор предисловия | ||
| 901 | t | Тип документа | m | |
| 952 | a | Тип литературы для КСУ ВШ | НАУ |